| 000 | 00970nam a22002897a 4500 | ||
|---|---|---|---|
| 003 | dpl | ||
| 005 | 20170123164203.0 | ||
| 008 | 161127b xxu||||| |||| 00| 0 eng d | ||
| 010 | _aB-082567 | ||
| 020 | _c44.00 | ||
| 035 | _aB-082567 | ||
| 037 | _bCen Lib/Ret | ||
| 040 |
_aDPL _bPN _cTIT |
||
| 082 |
_a401 _bਗੁਣੇਪੀ |
||
| 100 |
_aਗੁਣੇ, ਪੀ.ਡੀ _973 |
||
| 245 |
_aਤੁਲਨਾਤਮਕ ਭਾਸ਼ਾ ਵਿਗਿਆਨ / _cਪੀ.ਡੀ ਗੁਣੇ |
||
| 246 |
_aTulanatmik bhasha vigyan / _bby P.D.Gune |
||
| 250 | _a2nd ed. | ||
| 260 |
_aਪੰਜਾਬ _bਭਾਸ਼ਾ ਵਿਭਾਗ _c2001 |
||
| 270 | _bਪੰਜਾਬ | ||
| 300 |
_a356p. _c24cm(Hb) |
||
| 650 |
_aLanguage Philosophy & theory _9138557 |
||
| 650 |
_a language _921549 |
||
| 650 |
_aਭਾਸ਼ਾ ਫਿਲਾਸਫੀ & ਥਿਊਰੀ _9138558 |
||
| 650 |
_aਭਾਸ਼ਾ _9138559 |
||
| 942 |
_2ddc _cPN _h401 _mਗੁਣੇਪੀ |
||
| 999 |
_c111185 _d111185 |
||